000 00898cam a2200289 a 4500
008
020 _a9780761971566 (pbk.)
049 _aMAIN
090 _aH61
_bWET
100 1 _aWetherell, Margaret.
245 1 0 _aDiscourse theory and practice :
_ba reader /
_cMargaret Wetherell, Stephanie Taylor and Simeon J. Yates.
260 _aLos Angeles :
_bSAGE,
_c2001.
300 _aix, 406 p. :
_bill. ;
_c25 cm.
500 _aIncludes index.
504 _aIncludes bibliographical references.
650 0 _aSocial sciences
_xMethodology.
650 0 _aDiscourse analysis.
650 0 _aDiscourse analysis
_xMethodology.
700 1 _aYates, Simeon.
700 1 _aTaylor, Stephanie.
710 2 _aOpen University.
907 _a.b10382872
_b19-09-17
_c19-09-17
003
005 20230123122256.0
040 _cNUST
942 _cBOOKS
_kH61
_mWET
999 _c130855
_d130855